Members of the New York State Assembly - Statistics

General Stats
  • This quiz has been taken 19 times
  • The average score is 60 of 150
Answer Stats
Hint Answer % Correct
19 Republican Ed Ra
78%
36 Democrat Zohran Mamdani
78%
83 Democrat Carl Heastie
67%
43 Democrat Brian A. Cunningham
56%
141 Democrat Crystal Peoples-Stokes
56%
123 Democrat Donna Lupardo
56%
20 Republican Eric "Ari" Brown
56%
65 Democrat Grace Lee
56%
52 Democrat Jo Anne Simon
56%
40 Democrat Ron Kim
56%
103 Democrat Sarahana Shrestha
56%
10 Democrat Steve Stern
56%
120 Republican William A. Barclay
56%
127 Democrat Albert A. Stirpe Jr.
44%
46 Republican Alec Brook-Krasny
44%
73 Democrat Alex Bores
44%
71 Democrat Al Taylor
44%
88 Democrat Amy Paulin
44%
111 Democrat Angelo Santabarbara
44%
105 Republican Anil Beephan Jr.
44%
97 Democrat Aron Wieder
44%
115 Democrat Billy Jones
44%
101 Republican Brian Maher
44%
122 Republican Brian Miller
44%
113 Democrat Carrie Woerner
44%
39 Democrat Catalina Cruz
44%
79 Democrat Chantel Jackson
44%
99 Democrat Chris Eachus
44%
102 Republican Christopher Tague
44%
37 Democrat Claire Valdez
44%
33 Democrat Clyde Vanel
44%
147 Republican David DiPietro
44%
106 Democrat Didi Barrett
44%
5 Republican Douglas M. Smith
44%
68 Democrat Eddie Gibbs
44%
26 Democrat Edward Braunstein
44%
50 Democrat Emily Gallagher
44%
74 Democrat Harvey Epstein
44%
59 Democrat Jaime Williams
44%
15 Republican Jake Blumencranz
44%
7 Republican Jarett Gandolfo
44%
81 Democrat Jeffrey Dinowitz
44%
38 Democrat Jenifer Rajkumar
44%
34 Democrat Jessica González-Rojas
44%
17 Republican John Mikulin
44%
104 Democrat Jonathan Jacobson
44%
70 Democrat Jordan Wright
44%
134 Republican Josh Jensen
44%
21 Democrat Judy Griffin
44%
12 Republican Keith Brown
44%
31 Democrat Khaleel Anderson
44%
49 Republican Lester Chang
44%
67 Democrat Linda Rosenthal
44%
72 Democrat Manny De Los Santos
44%
51 Democrat Marcela Mitaynes
44%
112 Republican Mary Beth Walsh
44%
114 Republican Matt Simpson
44%
94 Republican Matt Slater
44%
69 Democrat Micah Lasher
44%
64 Republican Michael Tannousis
44%
90 Democrat Nader Sayegh
44%
25 Democrat Nily Rozic
44%
57 Democrat Phara Souffrant Forrest
44%
6 Democrat Philip Ramos
44%
110 Democrat Phillip Steck
44%
132 Republican Phil Palmesano
44%
4 Democrat Rebecca Kassay
44%
118 Republican Robert Smullen
44%
42 Democrat Rodneyse Bichotte Hermelyn
44%
27 Democrat Sam Berger
44%
107 Republican Scott Bendett
44%
56 Democrat Stefani Zinerman
44%
139 Republican Stephen Hawley
44%
30 Democrat Steven Raga
44%
32 Democrat Vivian E. Cook
44%
47 Democrat William Colton
44%
29 Democrat Alicia Hyndman
33%
84 Democrat Amanda Septimo
33%
133 Republican Andrea Bailey
33%
28 Democrat Andrew Hevesi
33%
150 Republican Andrew Molitor
33%
145 Republican Angelo Morinello
33%
125 Democrat Anna Kelles
33%
130 Republican Brian Manktelow
33%
13 Democrat Charles D. Lavine
33%
61 Democrat Charles Fall
33%
93 Democrat Chris Burdick
33%
124 Republican Christopher S. Friend
33%
95 Democrat Dana Levenberg
33%
16 Republican Daniel Norber
33%
14 Republican David McDonough
33%
24 Democrat David Weprin
33%
66 Democrat Deborah J. Glick
33%
137 Democrat Demond Meeks
33%
85 Democrat Emerita Torres
33%
54 Democrat Erik Martin Dilan
33%
109 Democrat Gabriella Romero
33%
78 Democrat George Alvarez
33%
138 Democrat Harry Bronson
33%
131 Republican Jeff Gallahan
33%
135 Democrat Jennifer Lunsford
33%
89 Democrat J. Gary Pretlow
33%
2 Republican Jodi Giglio
33%
121 Republican Joe Angelino
33%
3 Republican Joe DeStefano
33%
148 Republican Joe Sempolinski
33%
126 Republican John Lemondes Jr.
33%
108 Democrat John T. McDonald III
33%
80 Democrat John Zaccaro Jr.
33%
149 Democrat Jonathan Rivera
33%
41 Democrat Kalman Yeger
33%
146 Democrat Karen McMahon
33%
87 Democrat Karines Reyes
33%
98 Republican Karl A. Brabenec
33%
117 Republican Ken Blankenbush
33%
11 Democrat Kwani O'Pharrow
33%
77 Democrat Landon Dais
33%
35 Democrat Larinda Hooks
33%
55 Democrat Latrice Walker
33%
119 Democrat Marianne Buttenschon
33%
53 Democrat Maritza Davila
33%
92 Democrat MaryJane Shimsky
33%
82 Democrat Michael Benedetto
33%
9 Republican Michael Durso
33%
8 Republican Michael J. Fitzpatrick
33%
22 Democrat Michaelle C. Solages
33%
45 Republican Michael Novakhov
33%
62 Republican Michael Reilly
33%
58 Democrat Monique Chandler-Waterman
33%
60 Democrat Nikki Lucas
33%
18 Democrat Noah Burroughs
33%
128 Democrat Pamela Hunter
33%
142 Democrat Patrick B. Burke
33%
96 Democrat Patrick Carroll
33%
143 Republican Patrick Chludzinski
33%
100 Democrat Paula Kay
33%
144 Republican Paul Bologna
33%
76 Democrat Rebecca Seawright
33%
44 Democrat Robert Carroll
33%
63 Republican Sam Pirozzolo
33%
136 Democrat Sarah Clark
33%
116 Republican Scott Gray
33%
48 Democrat Simcha Eichenstein
33%
23 Democrat Stacey Pheffer Amato
33%
1 Democrat Tommy John Schiavoni
33%
75 Democrat Tony Simone
33%
140 Democrat William Conrad III
33%
129 Democrat William Magnarelli
33%
86 Democrat Yudelka Tapia
33%
91 Democrat Steven Oils
0%
No matching quizzes found
Score Distribution
Percent of People with Each Score
Percentile by Number Answered
Your Score History
You have not taken this quiz